[Event "Buenos Aires Duchamp Memorial op 5th"]
[Site "Buenos Aires"]
[Date "2013.03.24"]
[Round "1"]
[White "Speranza, Mariano"]
[Black "Amura, Claudia Noemi"]
[Result "0-1"]
[WhiteElo "1868"]
[BlackElo "2312"]
[PlyCount "52"]
[EventDate "2013.03.23"]
[EventType "swiss"]
[EventRounds "8"]
[EventCountry "ARG"]
[SourceTitle "CBM 153 Extra"]
[Source "ChessBase"]
[SourceDate "2013.04.22"]
[SourceVersion "1"]
[SourceVersionDate "2013.04.22"]
[SourceQuality "1"]

1. e4 g6 2. d4 Bg7 3. c4 c5 4. Nf3 d6 5. Nc3 Nf6 6. d5 b5 7. cxb5 a6 8. Be2 0-0 9. 0-0 Nbd7 10. h3 axb5 11. Bxb5 Ba6 12. Re1 Nxd5 13. exd5 Bxc3 14. bxc3 Bxb5 15. Bh6 Re8 16. Nd2 Ne5 17. Rxe5 dxe5 18. c4 Ba6 19. Qc2 Qa5 20. Qe4 Qc3 21. Re1 f6 22. Be3 f5 23. Qh4 f4 24. Ne4 Qxe1+ 25. Kh2 Bxc4 26. Ng5 h5 0-1

[Event "American Continental 08th"]
[Site "Mar del Plata"]
[Date "2012.10.16"]
[Round "6"]
[White "Judewicz, Alejandro"]
[Black "Speranza, Mariano"]
[Result "0-1"]
[WhiteElo "2084"]
[BlackElo "1851"]
[PlyCount "72"]
[EventDate "2012.10.12"]
[EventType "swiss"]
[EventRounds "11"]
[EventCountry "ARG"]
[SourceTitle "EXT 2013"]
[Source "ChessBase"]
[SourceDate "2012.11.22"]
[SourceVersion "1"]
[SourceVersionDate "2012.11.22"]
[SourceQuality "1"]

1. e4 e5 2. Nf3 d6 3. d4 Nf6 4. Nc3 Nbd7 5. dxe5 dxe5 6. Bc4 Be7 7. Ng5 0-0 8. Bxf7+ Rxf7 9. Ne6 Qe8 10. Nxc7 Qf8 11. Nxa8 Nc5 12. Nc7 Nfxe4 13. Nxe4 Nxe4 14. Be3 Nxf2 15. Bxf2 Rxf2 16. Qd5+ Kh8 17. Qc4 Bg5 18. Ne6 Bd2+ 19. Kd1 Bxe6 20. Qxe6 Qd8 21. Qb3 Be3+ 22. Qd3 Rd2+ 23. Ke1 Rxd3 24. cxd3 Qa5+ 25. Ke2 Qd2+ 26. Kf3 Qf2+ 27. Ke4 Qf4+ 28. Kd5 Qd4+ 29. Ke6 h6 30. Rad1 Qxb2 31. Rhf1 Bd4 32. g4 Qxa2+ 33. Kf5 Qf7+ 34. Ke4 Qg6+ 35. Kf3 a5 36. h4 a4 0-1

[Event "American Continental 08th"]
[Site "Mar del Plata"]
[Date "2012.10.14"]
[Round "4"]
[White "Morelli, Nicolas"]
[Black "Speranza, Mariano"]
[Result "1-0"]
[WhiteElo "2036"]
[BlackElo "1851"]
[PlyCount "127"]
[EventDate "2012.10.12"]
[EventType "swiss"]
[EventRounds "11"]
[EventCountry "ARG"]
[SourceTitle "EXT 2013"]
[Source "ChessBase"]
[SourceDate "2012.11.22"]
[SourceVersion "1"]
[SourceVersionDate "2012.11.22"]
[SourceQuality "1"]

1. e4 e5 2. Nf3 d6 3. Nc3 Nf6 4. d4 Nbd7 5. Bc4 Be7 6. 0-0 0-0 7. h3 c6 8. a4 Qc7 9. Be3 a6 10. Qe2 b6 11. Nh2 Bb7 12. f4 c5 13. fxe5 Nxe4 14. Nxe4 Bxe4 15. e6 fxe6 16. Bxe6+ Kh8 17. Qg4 Nf6 18. Rxf6 Bxf6 19. Qxe4 cxd4 20. Bf2 Be5 21. Bxd4 Rae8 22. Bxe5 dxe5 23. Qc4 Qd6 24. Bg4 e4 25. Rd1 Qg3 26. Qe2 Qe5 27. c3 Qc5+ 28. Rd4 e3 29. Bf3 Rf6 30. Rd5 Qe7 31. Ng4 Re6 32. Rd3 Qc5 33. b4 Qg5 34. Bd5 R6e7 35. Bc6 Rf8 36. Rxe3 Rc7 37. b5 axb5 38. axb5 Ra7 39. Rf3 Ra1+ 40. Kh2 Qd8 41. Rxf8+ Qxf8 42. Qe8 Qxe8 43. Bxe8 Rc1 44. Bc6 Kg8 45. Ne5 Rxc3 46. Nd7 Kf7 47. Nxb6 Ke6 48. Nd7 Kd6 49. Nf8 h6 50. Ng6 Rb3 51. Nh4 Ke6 52. Nf3 Kd6 53. Nd4 Rb4 54. Nf5+ Ke5 55. Nxg7 Kf6 56. Nh5+ Kg6 57. Ng3 Rb3 58. Ne2 Kf6 59. Nd4 Rb4 60. Nf3 Rb2 61. Kg3 Rb4 62. Nd2 Ke5 63. Ne4 Kf5 64. Nc5 1-0